Prueba rápida de matemáticas - prueba corta de matemáticas - Quiz 9 - Estadísticas

Estadísticas generales
  • Esta prueba ha sido intentada 40 veces
  • La puntuación promedio es 15 de 15
Estadísticas de respuestas
Hint Respuesta % Correcto
2 x 6 = 12
100%
3 x 6 = 18
100%
4 x 6 = 24
100%
5 x 6 = 30
100%
6 x 6 = 36
100%
7 x 6 = 42
100%
9 x 6 = 54
100%
1 x 6 = 6
100%
8 x 6 = 48
97%
10 x 6 = 60
97%
11 x 6 = 66
97%
12 x 6 = 72
97%
13 x 6 = 78
92%
14 x 6 = 84
89%
15 x 6 = 90
89%
No se encontraron pruebas coincidentes
Distribución de puntuación
Porcentaje de gente con cada puntuación
Porcentaje por número respondido
Historial de tus puntuaciones
No has intentado esta prueba.